000
00339nam a2200145Ia 4500
008
151213s9999 xx 000 0 und d
082
_a
332
_b
332
245
_a
Oxford dictionary of finance & banking
250
_a
2nd
260
_b
Oxford university
_c
2002
300
_a
1161 p.
650
_a
Finance
650
_a
Finance
999
_c
1049
_d
1049